=LDR 00000nam 2200000 4500 =001 NUTBA000000000003096 =005 20231025014912 =035 ##$$a 0010-071400000000284 =008 231025################g##########0#ind## =020 ##$$a 602-8507-26-1 =040 ##$$a NBPDMAT =082 ##$$a R.510.3 =090 ##$$a R.510.5 $b Nan k =100 ##$$a Nana Supriatna =245 1#$$a Kamus matematika /$c Nana Supriatna =260 ##$$a Jakarta :$b Multazam Mulia Utama,$c 2011 =300 ##$$a iv, 118 hlm. : $b ilus. ; $c 25 cm. =650 #4$$a Matematika - Kamus =850 ##$$a NBPDMAT =084 ##$$a R.510.3 NAN k =250 ##$$a cet.1 =990 ##$$a 21405392 =990 ##$$a 21405393 =990 ##$$a 21405394 =990 ##$$a 21405395 =990 ##$$a 21405396 =990 ##$$a 21405394 =990 ##$$a 21405392 =990 ##$$a 21405393 =990 ##$$a 21405395 =990 ##$$a 21405396 =990 ##$$a 21405393 =990 ##$$a 21405392 =990 ##$$a 21405394 =990 ##$$a 21405395 =990 ##$$a 21405396 =990 ##$$a 21405392 =990 ##$$a 21405393 =990 ##$$a 21405394 =990 ##$$a 21405395 =990 ##$$a 21405396 =990 ##$$a 21405396 =990 ##$$a 21405392 =990 ##$$a 21405393 =990 ##$$a 21405394 =990 ##$$a 21405395 =990 ##$$a 21405395 =990 ##$$a 21405392 =990 ##$$a 21405393 =990 ##$$a 21405394 =990 ##$$a 21405396